| 000 | nam a22 7a 4500 | ||
|---|---|---|---|
| 999 |
_c223 _d223 |
||
| 005 | 20170427092607.0 | ||
| 008 | 170427b20042010my ||||| |||| 00| 0 eng d | ||
| 020 | _a9789675091087 | ||
| 040 | _aAKMAL | ||
| 082 | _a172.209595 NAT | ||
| 090 |
_a172.209595 _bNAT |
||
| 245 | _aNATIONAL INTEGRITY PLAN | ||
| 300 |
_a157ms _c23cm |
||
| 942 |
_2ddc _cBOOK |
||